Estudio a nivel de perfil del proyecto Hotel Campestre Catarina, en el departamento de Masaya

El presente trabajo cubre los principales aspectos de la formulación y evaluación de proyecto en el área turística, como es el proyecto Hotel campestre Catarina, propuesto para desarrollarse en la ciudad de Catarina del departamento de Masaya.

Bibliographic Details
Main Author: Barberena Reyes, David Moisés
Other Authors: Tutor: Acevedo Ampie, Guillermo José
Format: Tesis Section = Libro
Language:Undetermined
Spanish
Published: Managua UNI 2010
Subjects:
LEADER 01094nam a2200265Ia 4500
008 240830s9999 xx 000 0 und d
040 |a BIBLIOTECA-RUPAP T.Mon 338.31 B234 
041 |a spa 
082 |a T.Mon 338.31 B234 
100 1 |a Barberena Reyes, David Moisés 
245 1 0 |a Estudio a nivel de perfil del proyecto Hotel Campestre Catarina, en el departamento de Masaya  
260 |a Managua  |b UNI  |c 2010 
300 |a 98 p. :il. 
500 |a Contiene: anexos. 
502 |a Tesis (Ingeniero Civil)- UNI, 2010. 
520 3 |a El presente trabajo cubre los principales aspectos de la formulación y evaluación de proyecto en el área turística, como es el proyecto Hotel campestre Catarina, propuesto para desarrollarse en la ciudad de Catarina del departamento de Masaya. 
650 7 |a HOTELES TURISMO 
650 7 |b TURISMO ASPECTOS ECONÓMICOS 
650 7 |c CONSTRUCCION DE HOTELES 
650 7 |d EVALUACIÓN DE PROYECTOS- FINANZAS 
650 7 |e PROYECTO DE DESARROLLO I 
700 1 |a Tutor:  |b Acevedo Ampie, Guillermo José 
942 |c BK  |2 ddc 
991 |a TESIS 
999 |c 18078